The Wadsworth manual : a guide for teachers of composition, with instructor's manual for Words and ideas, 4th edition /

Bibliographic Details
Main Author: Guth, Hans Paul, 1926-
Format: Book
Language:English
Published: Belmont, Calif. : Wadsworth Pub. Co., [1975]
Subjects:

MARC

Tag First Indicator Second Indicator Subfields
LEADER 00000cam a2200000 a 4500
001 in00000071440
005 20151008062226.0
008 790131s1975 cau b 00010 eng d
035 |a (OCoLC)04602675 
035 |9 AAJ9773AM 
040 |a CLE  |c CLE  |d m.c.  |d TXA  |d UtOrBLW 
049 |a TXAM  |c [1116305] 
090 |a PE1408  |b .G936 1976 Manual 
100 1 |a Guth, Hans Paul,  |d 1926- 
245 1 4 |a The Wadsworth manual :  |b a guide for teachers of composition, with instructor's manual for Words and ideas, 4th edition /  |c Hans P. Guth. 
264 1 |a Belmont, Calif. :  |b Wadsworth Pub. Co.,  |c [1975] 
264 4 |c ©1975 
300 |a vi, 162 pages ;  |c 24 cm. 
336 |a text  |b txt  |2 rdacontent 
337 |a unmediated  |b n  |2 rdamedia 
338 |a volume  |b nc  |2 rdacarrier 
500 |a "Instructor's manual and exercise key for Words and ideas, 4th edition": pages 75-162. 
504 |a Includes bibliographical references. 
650 0 |a English language  |x Rhetoric. 
650 0 |a English language  |x Grammar. 
700 1 |a Guth, Hans Paul,  |d 1926-  |t Words and ideas.  |f 1975. 
740 0 |a Instructor's manual for Words and ideas. 
740 0 |a Words and ideas, instructor's manual. 
999 |a MARS 
999 f f |s 3fcf0ec9-0e99-30ef-9296-3950f27b4063  |i 3aea1ee5-6031-3853-822b-61bf4c632fcb  |t 0 
952 f f |p ric  |a Texas A&M University  |b Rellis Campus  |c Joint Library Facility  |s JLF  |d Remote Storage  |t 0  |e PE1408 .G936 1976 Manual  |h Library of Congress classification  |i unmediated -- volume  |m A14806174799 
998 f f |a PE1408 .G936 1976 Manual  |t 0  |l Remote Storage